| 000 | 00984nam a2200265 i 4500 | ||
|---|---|---|---|
| 003 | EG-ScBUE | ||
| 005 | 20241007140829.0 | ||
| 008 | 090205r20081945ii a f 000 0 eng d | ||
| 020 | _a8121904722 | ||
| 020 | _a9788121904728 | ||
| 040 |
_aEG-ScBUE _beng _erda _cEG-ScBUE _dEG-ScBUE |
||
| 082 | 0 | 4 |
_222 _a515 _bNAR |
| 100 | 1 |
_aNarayan, Shanti, _eauthor. |
|
| 245 | 1 | 2 |
_aA course of mathematical analysis / _cShanti Narayan, formerly, dean of colleges, and principal, Hans Raj College, University of Delhi ; revised by P. K. Mittal, Head of Mathematics Deptt. Govt., post graduate College, Rishikesh. |
| 250 | _aReprint edition. | ||
| 264 | 1 |
_aNew Delhi : _bS. Chand & Company, _c2008. |
|
| 300 |
_a591 pages : _billustrations ; _c22 cm |
||
| 336 |
_2rdacontent _atext _btxt |
||
| 337 |
_aunmediated _2rdamedia _bn |
||
| 338 |
_avolume _bnc _2rdacarrier |
||
| 650 | 7 |
_aMathematical analysis. _2BUEsh |
|
| 655 | _vReading book | ||
| 700 | 1 |
_aMittal, P. K., _erevisor. |
|
| 942 |
_2ddc _cBB |
||
| 999 |
_c10708 _d10708 |
||